<?xml version="1.0" encoding="UTF-8"?>
<record
    xmlns:xsi="http://www.w3.org/2001/XMLSchema-instance"
    xsi:schemaLocation="http://www.loc.gov/MARC21/slim http://www.loc.gov/standards/marcxml/schema/MARC21slim.xsd"
    xmlns="http://www.loc.gov/MARC21/slim">

  <leader>01971nam a22002657a 4500</leader>
  <controlfield tag="008">090517t        xxu||||| |||| 00| 0 eng d</controlfield>
  <datafield tag="020" ind1=" " ind2=" ">
    <subfield code="a">1422906507</subfield>
  </datafield>
  <datafield tag="082" ind1=" " ind2=" ">
    <subfield code="a">551.5</subfield>
    <subfield code="b">HIS</subfield>
  </datafield>
  <datafield tag="245" ind1=" " ind2=" ">
    <subfield code="a">A Global Warning? :</subfield>
    <subfield code="b">After 650 million years of climate change, is global warming simply a naturally occuring phenomenom, or the result of human activity? /</subfield>
    <subfield code="h">[videorecording] :</subfield>
    <subfield code="c">written &amp; directed by Alex Hearle ; produced by Pioneer Productions for the History Channel.</subfield>
  </datafield>
  <datafield tag="260" ind1=" " ind2=" ">
    <subfield code="a">New York : </subfield>
    <subfield code="b">A &amp; E Television Networks,</subfield>
    <subfield code="c">c2008.</subfield>
  </datafield>
  <datafield tag="300" ind1=" " ind2=" ">
    <subfield code="a">1 videodiscs of 1 (DVD) (ca. 94 min.) : </subfield>
    <subfield code="b">sd., col., stero ; </subfield>
    <subfield code="f">1 disc DVD</subfield>
    <subfield code="c">4 3/4 in.</subfield>
  </datafield>
  <datafield tag="306" ind1=" " ind2=" ">
    <subfield code="a">94 min.</subfield>
  </datafield>
  <datafield tag="440" ind1=" " ind2=" ">
    <subfield code="9">4743</subfield>
  </datafield>
  <datafield tag="500" ind1=" " ind2=" ">
    <subfield code="a">Audiovisuals. </subfield>
  </datafield>
  <datafield tag="520" ind1=" " ind2=" ">
    <subfield code="a">Arctic ice is melting, sea levels are rising and glaciers are shrinking at alarming rates. And the Earth is getting unmistakably warmer. But is this vast potentially catastrophic climate change the result of human behavior? Or is it simply the Earth's natural cycle of warming and cooling periods that have occurred since the planet formed? An in-depth study of the science behind this controversial hot-button issue. Scientists explore the skies to examine the warming effects of the sun and dig deep into the Earth to study continental movement and the volatile activity at the planet's core. Experts speculate on how natural events including volcanic eruptions and massive meteor impacts have affected temperatures and weather systems over the planet's 600-million-year history.</subfield>
  </datafield>
  <datafield tag="650" ind1=" " ind2=" ">
    <subfield code="a">Global warming.</subfield>
    <subfield code="9">4778</subfield>
  </datafield>
  <datafield tag="650" ind1=" " ind2=" ">
    <subfield code="a">Climatic changes</subfield>
    <subfield code="9">4778</subfield>
    <subfield code="v">History.</subfield>
  </datafield>
  <datafield tag="650" ind1=" " ind2=" ">
    <subfield code="a">Greenhouse effect, Atmospheric.</subfield>
    <subfield code="9">4778</subfield>
    <subfield code="v">History.</subfield>
  </datafield>
  <datafield tag="650" ind1=" " ind2=" ">
    <subfield code="a">Ice caps.</subfield>
    <subfield code="9">4779</subfield>
  </datafield>
  <datafield tag="650" ind1=" " ind2=" ">
    <subfield code="a">Global temperature changes</subfield>
    <subfield code="9">4780</subfield>
  </datafield>
  <datafield tag="650" ind1=" " ind2=" ">
    <subfield code="9">4746</subfield>
  </datafield>
  <datafield tag="650" ind1=" " ind2=" ">
    <subfield code="9">4747</subfield>
  </datafield>
  <datafield tag="942" ind1=" " ind2=" ">
    <subfield code="2">ddc</subfield>
    <subfield code="c">VD</subfield>
  </datafield>
  <datafield tag="999" ind1=" " ind2=" ">
    <subfield code="c">11542</subfield>
    <subfield code="d">11542</subfield>
  </datafield>
  <datafield tag="952" ind1=" " ind2=" ">
    <subfield code="0">0</subfield>
    <subfield code="1">0</subfield>
    <subfield code="2">ddc</subfield>
    <subfield code="4">0</subfield>
    <subfield code="7">0</subfield>
    <subfield code="8">Baccah</subfield>
    <subfield code="a">MAIN</subfield>
    <subfield code="b">MAIN</subfield>
    <subfield code="c">1ST</subfield>
    <subfield code="d">2009-05-18</subfield>
    <subfield code="e">purchase</subfield>
    <subfield code="l">2</subfield>
    <subfield code="o">551.5 HIS</subfield>
    <subfield code="p">000016362</subfield>
    <subfield code="r">2022-08-24 00:00:00</subfield>
    <subfield code="s">2011-10-04</subfield>
    <subfield code="w">2009-05-18</subfield>
    <subfield code="y">CDVDN</subfield>
  </datafield>
</record>
